000 00803nam a22002297a 4500
005 20240530110905.0
008 220214s2007 ua g 000 0 ara d
017 _bمصر. دار الكتب
_a2007/3217
020 _a9774271173
040 _aEG-CaGPL
_cEG-CaGPL
082 0 4 _221
_a327.1 /
_bم م
100 0 _aمصطفى عبدالغنى
245 1 2 _aالمستشرقون الجدد :
_bدراسة فى مراكز الابحاث الغربية /
_cمصطفى عبدالغنى
250 _aط. 1
260 _aالقاهرة :
_bالدار المصرية اللبنانية،
_c2007
300 _a173 ص. ؛
_c24 سم
650 0 7 _2qrmak
_aالاستشراق
650 0 7 _2qrmak
_aالمستشرقون
651 _2qrmak
942 _2ddc
_cBK
999 _c66200
_d66200